00516 2200181 4500001002100000005001500021035002000036007000300056008004100059020002200100082001000122084001700132100002000149245006400169260004100233300004500274650001500319INLIS00000000000032520240118095046 a0010-0124000008ta240118 g 0 ind  a978-602-0895-92-5 a631.4 a631.4 MUH i0 aMuhajirin Utomo1 aIlmu Tanah :bDasar-Dasar dan Pengolahan /cMuhajirin Utomo aJakarta :bPrenadamedia Group,c2018 axxiv, 434 hlm, :bilus, ;c17 cm x 24 cm 4aIlmu Tanah